The noble scholar, jurist, historian


 His Excellency Dr. Abdul Wahhab bin Ibrahim Abu Sulaiman, may Allah have mercy on him.


 He was born in Umm Al-Qura in the year 1356 AH.

ندوة ترجمة معاني القرآن الكريم : (Record no. 13048)

MARC details
000 -LEADER
fixed length control field 01748cam a2200301 i 4500
003 - CONTROL NUMBER IDENTIFIER
control field SA-RiAUC
005 - DATE AND TIME OF LATEST TRANSACTION
control field 20251106074659.0
008 - FIXED-LENGTH DATA ELEMENTS--GENERAL INFORMATION
fixed length control field 251105s2002 su f f100r0 ara c
020 ## - INTERNATIONAL STANDARD BOOK NUMBER
International Standard Book Number 4277299
040 ## - CATALOGING SOURCE
Original cataloging agency SA-JeALM
Language of cataloging ara
Transcribing agency SA-RiAUC
Description conventions rda
082 04 - DEWEY DECIMAL CLASSIFICATION NUMBER
Classification number 221.4
Assigning agency SA-RiAUC
090 ## - LOCALLY ASSIGNED LC-TYPE CALL NUMBER (OCLC); LOCAL CALL NUMBER (RLIN)
Classification number (OCLC) (R) ; Classification number, CALL (RLIN) (NR) 221.4
Local cutter number (OCLC) ; Book number/undivided call number, CALL (RLIN) ن د و
111 2# - MAIN ENTRY--MEETING NAME
Meeting name or jurisdiction name as entry element ندوة ترجمة معاني القرآن الكريم
Date of meeting or treaty signing (1423 هجري :
Location of meeting المدينة المنورة)
245 10 - TITLE STATEMENT
Title ندوة ترجمة معاني القرآن الكريم :
Remainder of title تقويم للماضي، وتخطيط للمستقبل /
Statement of responsibility, etc. وزارة الشؤون الإسلامية والأوقاف والدعوة والإرشاد، مجمع الملك فهد لطباعة المصحف الشريف.
264 #1 - PRODUCTION, PUBLICATION, DISTRIBUTION, MANUFACTURE, AND COPYRIGHT NOTICE
Place of production, publication, distribution, manufacture المدينة المنورة :
Name of producer, publisher, distributor, manufacturer وزارة الشؤون الإسلامية والأوقاف والدعوة والإرشاد، مجمع الملك فهد لطباعة المصحف الشريف،
Date of production, publication, distribution, manufacture, or copyright notice [2002]
300 ## - PHYSICAL DESCRIPTION
Extent 129 صفحة ؛
Dimensions 24 × 17 سم
336 ## - CONTENT TYPE
Content type term نص
Content type code txt
Source rdacontent
Materials specified كتاب
337 ## - MEDIA TYPE
Media type term بدون وسيط
Media type code n
Source rdamedia
338 ## - CARRIER TYPE
Carrier type term مجلد
Carrier type code nc
Source rdacarrier
500 ## - GENERAL NOTE
General note على الغلاف : في الفترة من 10-12 صفر 1423 هـ الموافق 23-25 إبريل 2002.
630 27 - SUBJECT ADDED ENTRY--UNIFORM TITLE
Uniform title القرآن
General subdivision ترجمة
Form subdivision مؤتمرات
Source of heading or term aucut
630 27 - SUBJECT ADDED ENTRY--UNIFORM TITLE
Uniform title القرآن
General subdivision ترجمة
-- مطبوعات حكومية
Source of heading or term aucut
650 #7 - SUBJECT ADDED ENTRY--TOPICAL TERM
Topical term or geographic name entry element المطبوعات الحكومية
Source of heading or term aucsh
710 1# - ADDED ENTRY--CORPORATE NAME
Corporate name or jurisdiction name as entry element السعودية.
Subordinate unit وزارة الشؤون الإسلامية والأوقاف والدعوة والإرشاد
Relator term منظم.
710 2# - ADDED ENTRY--CORPORATE NAME
Corporate name or jurisdiction name as entry element مجمع الملك فهد لطباعة المصحف الشريف
Relator term منظم.
942 ## - ADDED ENTRY ELEMENTS (KOHA)
Source of classification or shelving scheme Dewey Decimal Classification
Koha item type Books
Suppress in OPAC No
949 ## - LOCAL PROCESSING INFORMATION (OCLC)
a SA-JeALM
d 251105
u mohamedma123
n 1
Holdings
Withdrawn status Lost status Source of classification or shelving scheme Damaged status Not for loan Home library Current library Date acquired Total checkouts Full call number Barcode Date last seen Price effective from Koha item type
    Dewey Decimal Classification     DR AbdElwahab Library DR AbdElwahab Library 11/06/2025   221.4 ن د و 000020871 11/06/2025 11/06/2025 Books
    Dewey Decimal Classification     DR AbdElwahab Library DR AbdElwahab Library 02/05/2026   221.4 ن د و 000005461 02/05/2026 02/05/2026 Books